Obras marítimas /

Guardado en:
Autor Principal: Iribarren Cavanilles, Ramón.
Formato: Libro
Idioma:Spanish
Publicado: Madrid : Dossat, 1954.
Etiquetas: Agregar Etiqueta
Sin Etiquetas, Sea el primero en etiquetar este registro!
LEADER 00468nam a22001575a 4500
001 EUN.um038413
003 AR-BaUNS
005 20050623122910.0
008 041125s1954####sp#a##########000#0#spa#d
245 1 0 |a Obras marítimas /  |c Ramón Iribarren Cavanilles. 
260 |a Madrid :  |b Dossat,  |c 1954. 
300 |a 2 v. :  |b ilus. ;  |c 25 cm. 
100 1 |a Iribarren Cavanilles, Ramón. 
082 0 4 |a 627.2 
082 0 4 |a 627.8 
859 |a Ar-BaUNS  |b BIB. CENTRAL - Sector C  |h 627.2  |i Ir4  |p 1549/959  |v v.2.